000
00262nam a2200121Ia 4500
008
190216s9999||||xx |||||||||||||| ||und||
100
_a
Pandey P P
245
0
_a
College Botany
260
_b
S Chand & Co
_c
1989
300
_a
391p
650
_a
Botany
942
_c
BK
999
_c
1412
_d
1412